NFL Draft, But Every Pick Goes Back One Year - Statistics

General Stats
  • This quiz has been taken 23 times
  • The average score is 3 of 32
Answer Stats
Hint Answer % Correct
2022 Pick 1 Travon Walker
84%
2021 Pick 2 Zach Wilson
58%
2020 Pick 3 Jeff Okudah
42%
2019 Pick 4 Clelin Ferrell
21%
1991 Pick 32 Mike Jones
16%
2018 Pick 5 Bradley Chubb
11%
2001 Pick 22 Will Allen
11%
2014 Pick 9 Anthony Barr
5%
2006 Pick 17 Chad Greenway
5%
2011 Pick 12 Christian Ponder
5%
2017 Pick 6 Jamal Adams
5%
2000 Pick 23 Rashard Anderson
5%
2008 Pick 15 Branden Albert
0%
2010 Pick 13 Brandon Graham
0%
1992 Pick 31 Carl Pickens
0%
1993 Pick 30 Carlton Gray
0%
2013 Pick 10 Chance Warmack
0%
2002 Pick 21 Daniel Graham
0%
2016 Pick 7 DeForest Buckner
0%
1994 Pick 29 Derrick Alexander
0%
1995 Pick 28 Derrick Brooks
0%
1998 Pick 25 Donovin Darius
0%
2012 Pick 11 Dontari Poe
0%
2005 Pick 18 Erasmus James
0%
2003 Pick 20 George Foster
0%
1997 Pick 26 Jim Druckenmiller
0%
1996 Pick 27 John Michels
0%
2007 Pick 16 Justin Harrell
0%
2009 Pick 14 Malcolm Jenkins
0%
1999 Pick 24 Reggie McGrew
0%
2004 Pick 19 Vernon Carey
0%
2015 Pick 8 Vic Beasley
0%
No matching quizzes found
Score Distribution
Percent of People with Each Score
Percentile by Number Answered
Your Score History
You have not taken this quiz